000
00213nam a22000977a 4500
999
_c
263480
_d
263479
020
_a
0590471570
100
_a
Cynthia Voigt.
245
_a
A solitary blue
260
_a
New York
_b
Atheneum
_c
1983.
942
_c
BK